00435nam a22001697a 450000500170000001000150001702000260003203500140005803700090007208200160008110000220009724500540011925000060017326000280017927000380020730000200024520260427120326.0 aENG-148240 a9789383982011c650.00 aEN-131772 bDBAD a650.108221 aDowell, Mc Monica aTruest Yourself You Are light/ cMonica Mc Dowell a1 aDelhibAadi Booksc2017 a23/4, Shakti NagarbDelhie110007 a119p.c22cm(Hb)